Statistics for Movie Decades Click Quiz #8

Click here to take the quiz!

General Stats

  • This quiz has been taken 361 times
  • The average score is 16 of 25

Answer Stats

HintAnswer% Correct
97%
96%
83%
81%
79%
78%
77%
76%
75%
69%
67%
67%
66%
64%
59%
58%
57%
56%
54%
50%
49%
49%
43%
40%
39%

Score Distribution

Percentile by Number Answered

Percent of People with Each Score

Your Score History

You have not taken this quiz